000
00309nam a22001217a 4500
008
160430b xxu||||| |||| 00| 0 eng d
020
_a
9780323009980
020
_a
0323009980
041
_a
eng
080
_a
618.2
245
_a
Critical care nursing:
_c
Pamela L. Swearingen; Janet Hicks Keen;
942
_2
udc
_c
BK
999
_c
1698
_d
1698